| 000 | 00362nam a2200145 i 4500 | ||
|---|---|---|---|
| 001 | 66276 | ||
| 003 | ES-MaACL | ||
| 007 | t| | ||
| 008 | 040203s1924 xxk ||||1| eng d | ||
| 100 | 1 |
_aGale, Martin. _953363 |
|
| 245 | 1 | 0 |
_aUnder the lee / _cMartin Gale. |
| 260 |
_aGlasgow : _bJames Brown, _c1924. |
||
| 300 |
_a294 p. ; _c19 cm. |
||
| 852 |
_aES-MaACL _jB-5846 |
||
| 999 |
_c66276 _d66276 |
||